000
00322nam a22001337a 4500
008
170502b xxu||||| |||| 00| 0 eng d
020
_a
9780582218093
041
_a
eng
080
_a
341
100
_a
13
101
_a
SHJ
245
_a
THE NATIONAL QUESTION IN THE POST SOVIET STATES
_c
SMITH.G
942
_2
udc
_c
BK
999
_c
12375
_d
12375